000 00406nam a2200145 i 4500
001 bg
100 1 _aBĄKOWSKI, Ryszard.
245 1 0 _aWyposażenie magazynów dostępne na rynku krajowym.
_nCz. 2,
_pPomocnicze urządzenia magazynowe /
_cRyszard Bąkowski.
260 _aPoznań,
_c1975.
040 _cBPK
041 _apol
080 _a658.7
942 _cKS
008 s pl f |000 0 pol
999 _c18158
_d18158
856 _uhttp://koha.tu.koszalin.pl/cgi-bin/koha/opac-detail.pl?biblionumber=18158
_yKatalog online BPK